| 000 | 00683nam a2200169 4500 | ||
|---|---|---|---|
| 001 | 143436 | ||
| 003 | ES-MaACL | ||
| 005 | 20230906200818.0 | ||
| 007 | t| | ||
| 008 | 070214s1950 sp r ||||1| spa d | ||
| 100 | 1 |
_aSerrano Suñer, Ramón, _d1901-2003 _9105805 |
|
| 245 | 1 | 0 |
_aBalmes, filósofo del buen sentido _b: discurso pronunciado en Vich, el día 9 de julio de 1950, en la solemne sesión anual conmemorativa de la muerte del Dr. Jaime Balmes Urpiá / _cpor el Excmo. Sr. D. Ramón Serrano Suñer. |
| 260 |
_aVich : _bAyuntamiento, _c1950 ( _fPortavella) |
||
| 710 | 2 |
_aVich. _bAyuntamiento. _97553 |
|
| 852 |
_aES-MaACL _j1916-F-7 _bR.30417 |
||
| 999 |
_c143436 _d143436 |
||